00525nam a2200193 a 4500001001300000003000900013005001700022008004100039020002400080082001600104100002000120245002800140260003300168300000900201500003500210505002400245650003700269650002500306nice12345678IN_TiNIC20260116013214.0050524s1995 newa grp 000 0 eng  a1570756 c122500a303.61bLYN aLynd, Syaughton aNon-Violence in America aNew YorkbOrbis Books c1995 a530p aincludes index and biblioraphy2 aBibliography, Index aConflict Resolution-Non-violence aNon-Violence-America